000 00868nam a22002297a 4500
999 _c6959
_d6959
003 AR-CdUCM
008 190319b ||||| |||| 00| 0 spa d
040 _aMUNICIPALIDAD PROVINCIAL DEL CUSCO
_cBIBLIOTECA MUNICIPAL DEL CUSCO
082 _a869.8124 /
_bIB24
100 _aIbarbourou, Juana de
_919621
245 _aAntología :
_bpoesía y prosa 1919 -1971 /
260 _aBuenos Aires :
_bLosada,
_c1972.
300 _a215 páginas ;
_c18 cm.
440 _aBiblioteca clásica y contemporánea Losada
_n388
_919622
505 _aContenido: El poeta y el mito -- El poeta y su poesía -- El misterio próximo -- Antología ...
650 _aPoesía uruguaya
_92908
650 _aPoetisas uruguayas
_919623
650 _aPoetas - Uruguay - Siglo XX
_919624
700 _aArbeleche, Jorge (Prólogo y selección)
_919625
942 _2ddc
_cLIBROS
945 _alccs